000 00542nam a22002177a 4500
003 UA-OsUOA
001 38452
007 ta
008 20060510b un ||||| |||| 00| 0 ukr d
100 _aСизоненко Олександр
090 _a94
_bС11
942 _cSA
040 _aUA-OsUOA
_bukr
_cUA-OsUOA
_dUA-OsUOA
245 _aТи плачеш,солдате?
300 _a10-11 с.
955 _a0
041 _aukr
080 _a94
773 0 _w38451
650 7 _a9 Географія. Біографії. Історія
_2UDC
999 _c324605
_d324605